000 00653cam a2200217 4500
001 B3339
008 090401t1988 xxu||||| |||| 00| 0 eng d
035 _a(Sirsi) u55451
041 _aeng
050 _a692.8
110 _aJoint Contracts Tribunal
_93664
245 _aArbitration rules dated 18 July 1988 for use with the arbitration agreements referred to in Rule 1 of these rules
260 _aLondon
_bRIBA Publications Ltd
_c1988
300 _a24p. ; 30cm.
350 _a5
520 _a1 copy is photocopy.
650 _aBUILT ENVIRONMENT-BUILDING CONTRACT FORMS
650 _aJCT ARBITRATION RULES
942 _n0
948 _c04/03/1997
999 _c93611
_d93611